Atmosféra Titanu vedcov prekvapila

Bibliographic Details
Format: Article
Language:Slovak
PhysicalDescription:Fotogr.
ISSN:0323-049X
Subjects:

MARC

LEADER 00000nab a2200000 a 4500
001 vtls008701424
003 SK-MaSNL
005 20260304141524.0
008 250505c2006 xo |||||||||||000 b|slo
015 |a SNBRB2006/05  |2 snkbucl 
035 |a (uuid)76d48c6a-4ffd-4259-b28d-4dd098d02fc4 
035 |a urn:nbn:sk:snk-abx6m 
035 |a (urnnbn)urn:nbn:sk:snk:ar-a04why 
038 |a SNKBUCL 
040 |a SNKBUCL  |b slo  |c SNKBUCL  |e AACR2 
041 0 |a slo 
044 |a xo  |c SK 
080 |a 523.46-87:629.785  |2 1997 
080 |a 629.785  |2 1997 
080 |a 520.6.07  |2 1997 
245 0 0 |a Atmosféra Titanu vedcov prekvapila 
300 |b Fotogr. 
500 |a Prevzaté z ESA Portal 
610 2 7 |a Cassini/Huygens (projekt)  |2 snkbucl  |9 96218 
610 2 7 |a Huygens (kozmická sonda)  |2 snkbucl  |9 1459561 
650 0 7 |a kozmické sondy  |2 snkbucl  |9 28924 
650 0 7 |a kozmický výskum  |2 snkbucl  |9 28861 
651 7 |a Saturn (planéta)  |2 snkbucl  |9 145809 
651 7 |a Titan (prirodzený satelit)  |2 snkbucl  |9 214674 
773 0 |t Kozmos  |g Roč. XXXVII, č. 1 (2006), s. 3  |x 0323-049X 
850 |a Slovenská národná knižnica 
852 |a Slovenská národná knižnica 
954 |a odborná, vedecká literatúra pôvodná (slovenská)  |2 lita 
958 |a article27 
958 |a OND 
958 |a EUIPO 
999 |c 2918913  |d 2920843